ბათუმის შოთა რუსთაველის სახელმწიფო უნივერსიტეტის ბიბლიოთეკა

ჩანაწერი Personal Name

ჩანაწერთა რაოდენობა, რომელიც გამოყენებულია: 1

001 - CONTROL NUMBER

  • control field: 14636

003 - CONTROL NUMBER IDENTIFIER

  • control field: GE_BSU

005 - DATE AND TIME OF LATEST TRANSACTION

  • control field: 20220920111554.0

008 - FIXED-LENGTH DATA ELEMENTS

  • fixed length control field: 220920|| aca||aabn | a|a d

040 ## - CATALOGING SOURCE

  • Original cataloging agency: GE_BSU
  • Transcribing agency: GE_BSU

100 ## - HEADING--PERSONAL NAME

  • Personal name: Смирнова, С.Ю.
  • Relator term: ავტორი

670 ## - SOURCE DATA FOUND

  • Source citation: Work cat.: (GE_BSU)35162: Пономарев,М.В.Смирнова,С.Ю. 14634, Новая и новейшая история стран Европы и Америки :